000 00647nam a2200277Ia 4500
005 20260324124700.0
008 008 260324s9999 xx 000 0 eng d
020 _a9780203370131
037 _aEBOOK
040 _aCRL
040 _beng
040 _cCRL
041 _2eng
041 _aeng
084 _qCRL
100 _aSaskia Schabio; Walter Goebel
_91175100
245 0 _aLocating Transnational Ideals
260 _bTaylor and Francis
260 _c2010
365 _a
365 _b240
856 _uhttp://www.taylorfrancis.com/books/9780203370131
942 _cEBOOK
999 _c1769686
_d1769686